000 00439cam a2200169ua 4500
020 _c295.00
041 _aeng
_h
082 _a664.02
_bPAN/EX
100 _aPandey, H .
245 _aExperiments in food process engineering /
_cH Pandey.
_hTextual Documents
260 _aNew Delhi :
_bC B S Publishers & Distributers ,
_c2004.
300 _a311 ; .
365 _a295.00
504 _a
942 _cBK
999 _c13239
_d13239